| 000 | 01465cam a22002777a 4500 | ||
|---|---|---|---|
| 001 | 3276 | ||
| 005 | 20250828131517.0 | ||
| 020 | _a9781618103239 | ||
| 040 |
_aDLC _cDLC _dDLC _beng |
||
| 050 | 0 | 0 | _aPZ7.P55295 |
| 082 | _a823 | ||
| 100 | 1 | _aPicou, Lin | |
| 245 | 1 | 0 |
_aWho's right / _cby Picou, Lin ; illustrated by DuFalla, Anita |
| 246 | 3 | _aWho is right | |
| 260 |
_aVero Beach, Florida : _bRourke Educational Media, _c2013 |
||
| 300 |
_a24 pages : _bcolor illustrations ; _c21 cm. |
||
| 490 | 0 |
_aLittle birdie books _vLevels 2-3 |
|
| 505 | _aP | ||
| 520 | _aWho's Right encourages young learners to build reading comprehension skills with grade-appropriate vocabulary, extension activities, and an engaging story. Featuring reading activities and a Comprehension & Extension section, this 24-page title introduces transitioning readers to teacher-focused concepts that will help them gain important reading comprehension and learning skills. The vibrant illustrations and engaging leveled text in the Little Birdie Books' Leveled Readers work together to tell fun stories while supporting early readers. Featuring grade-appropriate vocabulary and activities, these books help children develop essential skills for reading proficiency. | ||
| 521 |
_a640
_bLexile |
||
| 521 |
_aP
_bRaz-Plus |
||
| 650 |
_aduck _vfiction |
||
| 700 | 1 |
_aDuFalla, Anita _eillustrator |
|
| 906 |
_a7 _bcbc _corignew _d4 _encip _f20 _gy-gencatlg |
||
| 942 |
_2ddc _cBK _n0 |
||
| 999 |
_c3276 _d3276 |
||